000 00722nam a2200253 a 4500
008
020 _a0750602503 (pbk.)
049 _aMAIN
090 _aHF5821
_bWIL
100 1 _aWilmshurst, John.
245 1 4 _aThe fundamentals of advertising /
_cJohn Wilmshurst.
260 _aLondon :
_bHeinemann,
_c1985.
300 _axiv, 267 p. :
_bill. ;
_c24 cm.
500 _aIncludes index.
504 _aIncludes bibliographical references.
650 0 _aAdvertising.
710 2 _aCAM Foundation.
710 2 _aInstitute of Marketing.
907 _a.b10006813
_b11-07-06
_c17-04-03
003
005 20250505144757.0
040 _cNUST
942 _cBOOKS
_kHF5821
_mWIL
_01
999 _c142922
_d142922